| 000 | 01061nam a22003017a 4500 | ||
|---|---|---|---|
| 001 | 0074 | ||
| 003 | DO-SdBNP | ||
| 005 | 20171108131310.0 | ||
| 007 | 0074 | ||
| 008 | 151111b sp 2007 xxu||||| |||| 00| 0 spa d | ||
| 020 | _a97884835800554 | ||
| 040 |
_aBPMSU _bspa _cBPMSU |
||
| 082 | 4 |
_a155.5 _bS121c |
|
| 100 | 1 | 0 |
_aSachs, Brad _d1956- |
| 240 |
_aWhen no one understands :letters to a teenager on life, loss, and hard road to adulthood _lspa |
||
| 245 | 1 | 0 |
_aCuando nadie me entiende : _bcartas a una adolescente sobre la vida, las pérdidas y el difícil camino hacia la madurez / _cBrad Sachs ; traducción Ángela García |
| 260 |
_aBarcelona : _bGranica, _c2007. |
||
| 300 |
_a158 p. : _c22 cm. |
||
| 500 | _aIncluye datos biográficos del autor en la solapa de la cubierta | ||
| 650 | _aCONDUCTA (PSICOLOGIA) | ||
| 650 | _aVIDA | ||
| 650 | _aPSICOLOGIA DEL ADOLESCENTE | ||
| 700 | 1 | 0 |
_aGarcía, Ángela, _etr. |
| 942 |
_2ddc _cBK |
||
| 945 | _aInventariado, 2017/MFF | ||
| 956 | _aBrenda Tavárez | ||
| 956 | _aValidado. Control de calidad MFF | ||
| 999 |
_c8638 _d8638 |
||